Spell the Marvel Hero #133 - Statistics

General Stats
  • This quiz has been taken 11 times
  • The average score is 9 of 10
Answer Stats
Picture Answer % Correct
Angel
100%
Captain Britain
100%
Nova
91%
Okoye
91%
Spider-Man India
91%
Deathlok
82%
Doc Samson
82%
Mirage (Dani Moonstar)
82%
Sersi
82%
Old Lace
64%
No matching quizzes found
Score Distribution
Percent of People with Each Score
Percentile by Number Answered
Your Score History
You have not taken this quiz